000 00825nam a2200265Ia 4500
001 Para_4231
003 CHAP
008 220125s1934 xx 000 0 und d
010 _a202779
040 _cCHAP
090 _aPA FOLLETO 1290
100 _aGarman, Philip
_946906
245 _aControl of the plum curculio on fruit trees /
_c Philip Garman
260 _aStorrs, Connecticut :
_b Agricultural Experiment Station
300 _ap.p. 48-53
440 _aConnecticut. Agr. Exp. Sta. Circular; 99
_9168162
650 _aConotrachelus nunuphar Curculiónidos Control de plagas Arboles frutales
_x Plagas
_9168163
901 _aPA FOLLETO 1290
902 _aA
905 _a0000001934 STO 0000000000 00
910 _a1934
942 _cPARA
942 _cPARA
_d1
999 _c202779
_d202779